| 000 | 00629nam a22002297a 4500 | ||
|---|---|---|---|
| 999 |
_c3675 _d3675 |
||
| 003 | AR-CdUCM | ||
| 008 | 190307b ||||| |||| 00| 0 spa d | ||
| 040 |
_aMUNICIPALIDAD PROVINCIAL DEL CUSCO _cBIBLIOTECA MUNICIPAL DEL CUSCO |
||
| 041 | _heng | ||
| 082 |
_a828.9 / _bM27 |
||
| 100 |
_aMasiers, John _911935 |
||
| 245 | _aLa barrera / | ||
| 260 |
_aBarcelona : _bBruguera, _c1963. |
||
| 300 |
_a444 paginas ; _c22 cm. |
||
| 505 | _aNovela. | ||
| 650 |
_aLiteratura inglesa _911936 |
||
| 650 |
_aNovela _95 |
||
| 650 |
_aSiglo XX. _98 |
||
| 700 |
_aPiƱeiro, Jaime (traductor) _92626 |
||
| 942 |
_2ddc _cLIBROS |
||
| 945 | _aacv | ||